000 00289nam a22001337a 4500
008 180906b xxu||||| |||| 00| 0 eng d
020 _a9781419700668
041 _aeng
080 _a701
100 _a45
101 _aART
245 _aOut Of Line The Art
_cFayM
942 _2udc
_cBK
999 _c47577
_d47577